[Event "ROM-chT"]
[Site "?"]
[Date "1992.??.??"]
[Round "?"]
[White "Golod, Vitali"]
[Black "Tomescu, Vlad"]
[Result "1-0"]
[WhiteElo "2300"]
[BlackElo "2315"]

1.d4 Nf6 2.c4 g6 3.Nc3 d5 4.cxd5 Nxd5 5.e4 Nxc3 6.bxc3 Bg7 7.Bc4 O-O 8.Ne2 b6
9.O-O Bb7 10.f3 c5 11.Be3 cxd4 12.cxd4 Nc6 13.Rc1 Na5 14.Bd3 Qd7 15.Qd2 Rfd8
16.Rc2 Rac8 17.Rfc1 e6 18.Rxc8 Rxc8 19.Rxc8+ Qxc8 20.Bh6 Nc4 21.Bxc4 Bxh6
22.Qxh6 Qxc4 23.Qd2 Ba6 24.Ng3 Qd3 25.Qxd3 Bxd3 26.Kf2 Bc4 27.a3 f5 28.Ke3 b5
29.d5 exd5 30.exf5 a5 31.fxg6 hxg6 32.Nh1 d4+ 33.Kd2 Bf1 34.g3 Bg2 35.Nf2 Bxf3
36.Nd3 Kg7 37.Ne5 Be4  1-0

[Event "Sao Paulo m"]
[Site "Sao Paulo"]
[Date "1992.??.??"]
[Round "1"]
[White "Seirawan, Yasser"]
[Black "Mecking, Henrique"]
[Result "1-0"]
[WhiteElo "2600"]
[BlackElo "2610"]

1.d4 Nf6 2.c4 g6 3.Nc3 d5 4.cxd5 Nxd5 5.e4 Nxc3 6.bxc3 Bg7 7.Be3 c5 8.Nf3 Nc6
9.Rc1 cxd4 10.cxd4 Qa5+ 11.Bd2 Qxa2 12.d5 Ne5 13.Nxe5 Bxe5 14.Bb5+ Bd7 15.Qe2 a6
16.Bxd7+ Kxd7 17.Qg4+ Kd8 18.Qg5 f6 19.Qe3 Qa4 20.O-O Ke8 21.Bc3 Bxc3 22.Rxc3 Kf7
23.e5 Rac8 24.Rxc8 Rxc8 25.Qh3 Rf8 26.Qxh7+ Ke8 27.e6 Qe4 28.Rc1 Kd8 29.d6 Qxe6
30.dxe7+ Qxe7 31.Rc8+ Kxc8 32.Qxe7 Rd8 33.h4 b5 34.Qxf6 Rd1+ 35.Kh2 Kb7 36.Qf3+ Kb6
37.Qxd1  1-0

[Event "Sao Paulo m"]
[Site "Sao Paulo"]
[Date "1992.??.??"]
[Round "3"]
[White "Seirawan, Yasser"]
[Black "Mecking, Henrique"]
[Result "1/2-1/2"]
[WhiteElo "2600"]
[BlackElo "2610"]

1.d4 Nf6 2.c4 g6 3.Nc3 d5 4.cxd5 Nxd5 5.e4 Nxc3 6.bxc3 Bg7 7.Be3 c5 8.Nf3 Qa5
9.Qd2 Nc6 10.Rc1 cxd4 11.cxd4 Qxd2+ 12.Kxd2 O-O 13.Bb5 f5 14.exf5 Rxf5 15.Bc4+ Kf8
16.Rhd1 Bd7 17.Ke1 Bf6 18.Bb3 Na5 19.Rc7 Nxb3 20.Rxd7 Na5 21.d5 Ke8 22.Rc7 Rd8
23.Bxa7 Rfxd5 24.Rb1 R8d7 25.Rxd7 Kxd7 26.a4 Nc6 27.Be3 Kc8 28.Nd2 Bd4 29.Ke2 Kc7
30.Nc4 Bxe3 31.Kxe3 Rc5 32.Kd3 Rd5+  1/2-1/2

[Event "Sao Paulo m"]
[Site "Sao Paulo"]
[Date "1992.??.??"]
[Round "5"]
[White "Seirawan, Yasser"]
[Black "Mecking, Henrique"]
[Result "1/2-1/2"]
[WhiteElo "2600"]
[BlackElo "2610"]

1.d4 Nf6 2.c4 g6 3.Nc3 d5 4.cxd5 Nxd5 5.e4 Nxc3 6.bxc3 Bg7 7.Be3 c5 8.Nf3 Qa5
9.Qd2 Nc6 10.Rc1 cxd4 11.cxd4 Qxd2+ 12.Kxd2 O-O 13.Bb5 f5 14.exf5 Bxf5 15.Bxc6 bxc6
16.Rxc6 Rfb8 17.Kc3 Rb6 18.Rxb6 axb6 19.Kb2 Be4 20.a3 e6 21.Rc1 Bf8 22.Rc3 Bd5
23.Bf4 b5 24.Be5 Be7 25.h4 Rf8 26.Rc7 Rf7 27.Rc8+ Rf8 28.Rc7 Rf7 29.Rc8+ Rf8
30.Rc7  1/2-1/2

[Event "Sas van Gent"]
[Site "Sas van Gent"]
[Date "1992.??.??"]
[Round "?"]
[White "Jelen, Iztok"]
[Black "Goormachtigh, Johan"]
[Result "1-0"]
[WhiteElo "2430"]
[BlackElo "2305"]

1.d4 Nf6 2.c4 g6 3.Nc3 d5 4.cxd5 Nxd5 5.e4 Nxc3 6.bxc3 Bg7 7.Be3 c5 8.Qd2 Qa5
9.Rc1 cxd4 10.cxd4 Qxd2+ 11.Kxd2 O-O 12.Nf3 Rd8 13.Bb5 Bg4 14.Rc7 Nc6 15.Bxc6 bxc6
16.Rxe7 Bxf3 17.gxf3 Bxd4 18.Bxd4 Rxd4+ 19.Ke3 Rad8 20.Rb1 Rd3+ 21.Kf4 R8d7
22.Rxd7 Rxd7 23.Ke3 Kg7 24.f4 Kf6 25.Rc1 Rc7 26.Rc5 Ke7 27.f5 Kd6 28.Kd4 Rb7
29.e5+ Kd7 30.fxg6 hxg6 31.Ra5 Ke6 32.Kc5 Rb2 33.f4 Rc2+ 34.Kd4 Rxh2 35.Rxa7 Rh4
36.Ke3 g5 37.fxg5 Kxe5 38.Rxf7 Rg4 39.Re7+ Kf5 40.Ra7 Kxg5 41.Rg7+  1-0

[Event "EU-ch U20"]
[Site "Sas van Gent"]
[Date "1992.??.??"]
[Round "8"]
[White "Forster, Richard"]
[Black "Rogozenko, Dorin"]
[Result "1/2-1/2"]
[WhiteElo "2220"]
[BlackElo "2405"]

1.d4 Nf6 2.c4 g6 3.Nc3 d5 4.cxd5 Nxd5 5.e4 Nxc3 6.bxc3 Bg7 7.Nf3 c5 8.Rb1 O-O
9.Be2 Qa5 10.O-O Qxa2 11.Bg5 Qe6 12.e5 Rd8 13.Qa4 h6 14.d5 Qg4 15.Qxg4 Bxg4
16.Bxe7 Rxd5 17.Rxb7 Rd7 18.Rfb1 Rxb7 19.Rxb7 Nd7 20.h3 Be6 21.Bd6 a5 22.Bb5 Nf8
23.Bxc5 Bd5 24.Ra7 Rxa7 25.Bxa7 Bxf3 26.gxf3 Bxe5 27.c4 Ne6 28.Kf1 Kf8 29.Ke2 Ke7
30.Kd3 Nf4+ 31.Ke4 Bc7 32.Be3 Nxh3 33.Bxh6 g5 34.Kf5 f6 35.c5 Be5 36.c6 Kd6
37.Bf8+ Kd5 38.Be7 Nxf2 39.Bxf6 Bc7 40.Be7 Nd1 41.Kxg5  1/2-1/2

[Event "Candidats (Women) Tournament"]
[Site "Shanghai"]
[Date "1992.??.??"]
[Round "13"]
[White "Peng, Zhaoqin"]
[Black "Qin Kanying"]
[Result "0-1"]
[WhiteElo "2370"]
[BlackElo "2315"]

1.d4 Nf6 2.c4 g6 3.Nc3 d5 4.cxd5 Nxd5 5.e4 Nxc3 6.bxc3 Bg7 7.Bc4 O-O 8.Ne2 c5
9.O-O Nc6 10.Be3 Bg4 11.d5 Na5 12.Bd3 b6 13.f3 Bd7 14.Qd2 e5 15.c4 Nb7 16.a4 a5
17.Nc3 Nd6 18.Rab1 Rb8 19.Rb3 Qc7 20.Rfb1 Rb7 21.Kh1 Re8 22.Qb2 Reb8 23.Qf2 Re8
24.h3 Rf8 25.Qh4 Rbb8 26.Bg5 f6 27.Be3 Rfe8 28.Qf2 Rb7 29.Rf1 Rbb8 30.Qg3 Rbc8
31.Qh2 Kh8 32.h4 Kg8 33.h5 g5 34.g3 h6 35.Rfb1 Rb8 36.Qb2 Nc8 37.Bf1 f5 38.Nb5 Qd8
39.Bd3 f4 40.Bf2 g4 41.Be2 Qg5 42.Kg2 Rf8 43.fxg4 Bxg4 44.Rh1 Rb7 45.Rh4 Bxe2
46.Qxe2 Rbf7 47.Kh2 fxg3+ 48.Bxg3 Rf4 49.Rh3 Rf1 50.Qg2 Qc1 51.Rc3 Qa1 52.Bh4 Rb1
53.Rhf3 Rf4 54.Rxf4 exf4 55.Bf6 Rb2 56.Rc2 Rxc2 57.Bxa1 Rxg2+ 58.Kxg2 Bxa1
59.d6 Nxd6 60.Nxd6 Be5 61.Nc8 b5 62.cxb5 c4 63.Ne7+ Kg7 64.Ng6 Bb8 65.e5 c3
66.Nxf4 Bxe5 67.Nd3 Bc7 68.Kf3 Kf6 69.Ke2 Kg5 70.Nc5 Kxh5 71.Kd3 Kg4 72.Nd7 Kf3
73.b6 Bxb6 74.Nxb6 h5 75.Nc4 h4 76.Ne5+ Kg3 77.Nc4 Kf4  0-1

[Event "Simferopol (Women)"]
[Site "Simferopol"]
[Date "1992.??.??"]
[Round "48"]
[White "Belakovskaia, Anjelina"]
[Black "Ruchieva, Natalia"]
[Result "0-1"]
[WhiteElo "2290"]
[BlackElo "2235"]

1.d4 Nf6 2.c4 g6 3.Nc3 d5 4.cxd5 Nxd5 5.e4 Nxc3 6.bxc3 Bg7 7.Ba3 Nd7 8.Nf3 c5
9.Qd2 Qa5 10.Bb2 Nb6 11.Rd1 Bg4 12.a3 O-O 13.Be2 Rac8 14.O-O cxd4 15.cxd4 Qxd2
16.Rxd2 Bh6 17.Ne5 Bxd2 18.Bxg4 Rc2 19.Ba1 e6 20.Bd1 Rc1 21.Bb3 Rfc8 22.Bb2 Rxf1+
23.Kxf1 Bc3  0-1

[Event "SLO-ch (Women)"]
[Site "?"]
[Date "1992.??.??"]
[Round "?"]
[White "Kosir, Pavla"]
[Black "Zavec, Me"]
[Result "1-0"]
[WhiteElo "2095"]
[BlackElo "1700"]

1.d4 Nf6 2.c4 g6 3.Nc3 d5 4.cxd5 Nxd5 5.e4 Nxc3 6.bxc3 Bg7 7.Bc4 O-O 8.Ne2 Bg4
9.f3 Bd7 10.O-O c6 11.Be3 Qc7 12.Rc1 b6 13.Qd2 Bc8 14.Rfd1 Ba6 15.Bb3 Nd7
16.Ng3 Rad8 17.Qf2 Qb8 18.e5 e6 19.Ne4 Qc7 20.Bg5 Ra8 21.Qh4 c5 22.Be7 Rfe8
23.Nd6 c4 24.Nxe8 Rxe8 25.Bd6 Qc6 26.Bc2 b5 27.Be4 Qb6 28.Kh1 Bb7 29.Bxb7 Qxb7
30.Rb1 Qa6 31.Rb2 Bf8 32.Bxf8 Rxf8 33.Rdb1 Qa3 34.Qe1 a6 35.Qc1 Nb6 36.Rc2 Qxc1+
37.Rcxc1 Nd5 38.Kg1 Rb8 39.a3 Kf8 40.Kf2 h6 41.g3 Ke7 42.Ke2 Kd7 43.a4 Kc6
44.axb5+ axb5 45.Kd2 Rb7 46.Ra1 Nc7 47.Rcb1 Kb6 48.Ra2 Kc6 49.Rba1 Kb6 50.h4 Kc6
51.g4 b4 52.cxb4 Rxb4 53.Ra5 Nb5 54.Rxb5 Rxb5 55.Ra7 Rb2+ 56.Kc1 Rb7 57.Rxb7 Kxb7
58.Kc2 Kc6 59.Kd2 Kb6 60.Kc3 Kb5 61.f4 h5 62.g5 Kb6 63.Kxc4 Kc6 64.Kd3 Kd5
65.Ke3 Kc6 66.Ke4 Kc7 67.d5 exd5+ 68.Kxd5 Kd7 69.Ke4 Ke6 70.Ke3 Ke7 71.Ke4 Ke6
72.f5+ gxf5+ 73.Kf4 Kd7 74.Kxf5 Ke7 75.g6 fxg6+ 76.Kxg6 Ke6 77.Kxh5 Kxe5
78.Kg6  1-0

[Event "Slupsk op"]
[Site "Slupsk"]
[Date "1992.??.??"]
[Round "?"]
[White "Czerwonski, Aleksander"]
[Black "Macieja, Bartlomiej"]
[Result "1-0"]
[WhiteElo "2380"]
[BlackElo "2295"]

1.d4 Nf6 2.c4 g6 3.Nc3 d5 4.cxd5 Nxd5 5.e4 Nxc3 6.bxc3 Bg7 7.Nf3 c5 8.Rb1 O-O
9.Be2 Nc6 10.d5 Ne5 11.Nxe5 Bxe5 12.Qd2 e6 13.f4 Bg7 14.c4 exd5 15.cxd5 Bd4
16.Bb2 Qb6 17.Bd3 c4 18.Bxc4 Re8 19.Qxd4 Qxd4 20.Bxd4 Rxe4+ 21.Kd2 Rxd4+
22.Kc3 Rxf4 23.d6 Rb8 24.Rhf1 Rxf1 25.Rxf1 Be6 26.Bxe6 fxe6 27.Rf6 Rc8+ 28.Kd4 Rc2
29.Rf3 Rd2+ 30.Ke5 Rxa2 31.Rd3 Re2+ 32.Kf6 Rf2+ 33.Ke7 e5 34.d7 Rf7+ 35.Ke6 e4
36.d8=Q+ Rf8 37.Qxf8+ Kxf8  1-0

[Event "Alekhine op"]
[Site "Smolensk"]
[Date "1992.??.??"]
[Round "8"]
[White "Zakharevich, Igor"]
[Black "Yandemirov, Valeri"]
[Result "1/2-1/2"]
[WhiteElo "2345"]
[BlackElo "2430"]

1.d4 Nf6 2.c4 g6 3.Nc3 d5 4.cxd5 Nxd5 5.e4 Nxc3 6.bxc3 Bg7 7.Be3 c5 8.Qd2 O-O
9.Nf3 Qa5 10.Rc1 cxd4 11.cxd4 Qxd2+ 12.Kxd2 Nc6 13.d5 Rd8 14.Ke1 Na5 15.Bd2 b6
16.Bb4 Bf8 17.Ne5 e6 18.Bxa5 bxa5 19.Bc4 Rd6 20.Nc6 exd5 21.Bxd5 Bb7 22.Ke2 Re8
23.Kd3 Rc8 24.Nxa7 Rcd8 25.Rhd1 Bxd5 26.exd5 Rxd5+ 27.Ke2 Re5+ 28.Kf1 Rxd1+
29.Rxd1 Rc5 30.Ke2 a4 31.Rd2 Bh6 32.Rd8+ Kg7 33.Rc8 Re5+ 34.Kf3 Rf5+ 35.Ke2 Re5+
36.Kf3 Rd5 37.Rc2 Rd1 38.Nb5 Ra1 39.Re2 Bg5 40.Nc3 a3 41.Nb5 Rc1 42.Ke4 Be7  1/2-1/2

[Event "St Petersburg-ch op"]
[Site "St Petersburg"]
[Date "1992.??.??"]
[Round "?"]
[White "Ivanov, Sergey"]
[Black "Lukin, Andrei M"]
[Result "1/2-1/2"]
[WhiteElo "2440"]
[BlackElo "2435"]

1.d4 Nf6 2.c4 g6 3.Nc3 d5 4.cxd5 Nxd5 5.e4 Nxc3 6.bxc3 Bg7 7.Nf3 c5 8.Rb1 O-O
9.Be2 cxd4 10.cxd4 Qa5+ 11.Bd2 Qxa2 12.O-O Bg4 13.d5 Nd7 14.Rxb7 Rfb8 15.Qb1 Qxb1
16.Rfxb1 Rxb7 17.Rxb7 Nc5 18.Rxe7 Bf8 19.Rc7 Nxe4 20.Ng5 Nxd2 21.Bxg4 Re8
22.g3 Be7 23.Nxf7 Kxf7 24.d6 Ne4  1/2-1/2

[Event "St Petersburg-ch op"]
[Site "St Petersburg"]
[Date "1992.??.??"]
[Round "?"]
[White "Solozhenkin, Evgeniy"]
[Black "Polovodin, Igor A"]
[Result "1/2-1/2"]
[WhiteElo "2450"]
[BlackElo "2460"]

1.d4 Nf6 2.c4 g6 3.Nc3 d5 4.cxd5 Nxd5 5.e4 Nxc3 6.bxc3 Bg7 7.Nf3 c5 8.Rb1 O-O
9.Be2 cxd4 10.cxd4 Qa5+ 11.Bd2 Qxa2 12.O-O Bg4 13.Bg5 h6 14.Be3 b6 15.Ra1 Qe6
16.h3 Bxf3 17.Bxf3 Nd7 18.e5 Rad8 19.Qb1 a5 20.Qb5 h5 21.Be4 Nxe5 22.dxe5 Bxe5
23.Rad1 Bc7 24.Bf3 Rd6 25.Rc1 Qd7 26.Qxd7 Rxd7 27.Rfd1 Rfd8 28.Rxc7 Rxd1+
29.Bxd1 Rxd1+ 30.Kh2 b5 31.Rxe7 a4 32.Ra7 Rd3 33.Ra5 Rb3 34.Ra8+ Kh7 35.h4 a3
36.Ra7 b4 37.Kg3 Rb2 38.Bd4 Rd2 39.Bc5 b3 40.Rxf7+ Kg8 41.Rf8+ Kg7 42.Bxa3 b2
43.Rb8 Rd3+ 44.f3 Rxa3 45.Rxb2 Ra4 46.Kh3 Ra3 47.Rf2 Kf6 48.g3 Kf5 49.Kg2 Ra4
50.Rd2 Ra3 51.Kf2 Ra5 52.Rd4 Ra2+ 53.Ke3 Ra3+ 54.Rd3 Ra5 55.Rb3 Re5+ 56.Kd4 Re1
57.Rb5+ Kf6 58.Rg5 Re2 59.f4 Re1 60.Kd3  1/2-1/2

[Event "St Petersburg op"]
[Site "St Petersburg"]
[Date "1992.??.??"]
[Round "?"]
[White "Agrest, Evgenij"]
[Black "Karasev, Vladimir I"]
[Result "1-0"]
[WhiteElo "2485"]
[BlackElo "2380"]

1.d4 Nf6 2.c4 g6 3.Nc3 d5 4.cxd5 Nxd5 5.e4 Nxc3 6.bxc3 Bg7 7.Nf3 O-O 8.Be2 c5
9.Rb1 cxd4 10.cxd4 Qa5+ 11.Bd2 Qxa2 12.O-O Nd7 13.Bb4 Nb6 14.Ne5 f6 15.Ra1 Qb2
16.Nd3 Qxd4 17.Bc5 Qxe4 18.Bxb6 Bf5 19.Rxa7 Rxa7 20.Bxa7 Rd8 21.Qb3+ Kh8
22.Nc1 Bh6 23.Bf3 Qc2 24.Qa3 Rd7 25.Bc5 Bf8 26.Qa8 Kg7 27.Be3 g5 28.h3 Be4
29.Bxe4 Qxe4 30.Ne2 Qd5 31.Nd4 Kf7 32.Rc1 Rd8 33.Qa1 f5 34.Nf3 f4 35.Bd4 b5
36.Qb1 h6 37.Qh7+ Ke8 38.Qg6+ Qf7 39.Qc6+  1-0

[Event "Stockholm op"]
[Site "Stockholm"]
[Date "1992.??.??"]
[Round "?"]
[White "Dzevlan, Miralem"]
[Black "Rygaard, Michael"]
[Result "1/2-1/2"]
[WhiteElo "2395"]
[BlackElo "2245"]

1.d4 Nf6 2.c4 g6 3.Nc3 d5 4.cxd5 Nxd5 5.e4 Nxc3 6.bxc3 Bg7 7.Bc4 c5 8.Ne2 O-O
9.Be3 Nc6 10.Rc1 cxd4 11.cxd4 Qa5+ 12.Kf1 e6 13.d5 exd5 14.Bxd5 Ne7 15.Bb3 Rd8
16.Qe1 Qe5 17.f3 Nc6 18.Nf4 Nd4 19.Bd5 Be6 20.Nxe6 fxe6 21.Bxd4 Qxd4 22.Bxe6+ Kh8
23.Qf2 Qb4 24.Bd5 Rac8 25.Rxc8 Rxc8 26.g3 Qa4 27.Bb3 Qb4 28.Kg2 Rd8 29.Bd5 Rc8
30.Rd1 b6 31.Be6 Rf8 32.Rd7 a5 33.Qc2 Bd4 34.Qc7 Qd2+ 35.Kh3  1/2-1/2

[Event "Stockholm op"]
[Site "Stockholm"]
[Date "1992.??.??"]
[Round "?"]
[White "Sjoberg, Mats"]
[Black "Nylen, Anders"]
[Result "1-0"]
[WhiteElo "2470"]
[BlackElo "2295"]

1.d4 Nf6 2.c4 g6 3.Nc3 d5 4.cxd5 Nxd5 5.e4 Nxc3 6.bxc3 Bg7 7.Bc4 c5 8.Ne2 O-O
9.O-O Nc6 10.Be3 Bg4 11.d5 Na5 12.Bb5 a6 13.Bd3 c4 14.Bc2 Bxc3 15.Rb1 Bxe2
16.Qxe2 b5 17.f4 Qd7 18.Bb6 Nb7 19.Qe3 Bg7 20.a4 e5 21.dxe6 Qxe6 22.e5 Rac8
23.Be4 Qe7 24.axb5 axb5 25.Rxb5 Rfe8 26.Rd1 Nd8 27.Rbd5 Ne6 28.Rd7 Qb4 29.Rb1 Qf8
30.g3 c3 31.Bc2 Rc4 32.Rd3 Rec8 33.Ba5 Qa3 34.Bb6 Rb4 35.Rxb4 Qxb4 36.Bd4 Nxd4
37.Qxd4 Qa3 38.Qe4 Qa2 39.Rd7 Rb8 40.Rc7 Bf8 41.f5 Rb4 42.Qd3 Qa1+ 43.Kg2 Qe1
44.fxg6 fxg6 45.Qd5+ Kh8 46.Rxh7+ Kxh7 47.Qf7+ Bg7 48.Qxg6+ Kg8 49.Qe8+ Bf8
50.Qe6+ Kh8 51.Qh3+ Bh6 52.Qxh6+ Kg8 53.Bh7+ Kf7 54.Qf6+ Ke8 55.Bg6+ Kd7
56.Qd6+ Kc8 57.Bf5+ Kb7 58.Qxb4+ Ka7 59.Qd4+ Kb8 60.Bg4 Qb1 61.Qd8+ Kb7 62.Bf3+ Ka7
63.Qa8+  1-0

[Event "Stockholm"]
[Site "Stockholm"]
[Date "1992.??.??"]
[Round "?"]
[White "Sjoberg, Mats"]
[Black "Hjelm, Niclas"]
[Result "1-0"]
[WhiteElo "2470"]
[BlackElo "2305"]

1.d4 Nf6 2.c4 g6 3.Nc3 d5 4.cxd5 Nxd5 5.e4 Nxc3 6.bxc3 Bg7 7.Bc4 c5 8.Ne2 O-O
9.O-O Nc6 10.Be3 cxd4 11.cxd4 Bg4 12.f3 Na5 13.Rc1 Nxc4 14.Rxc4 Bd7 15.Qb3 a6
16.Nc3 Rc8 17.Rxc8 Bxc8 18.Rd1 e6 19.Na4 Qd6 20.Nb6 Rd8 21.Rc1 Bd7 22.e5 Qf8
23.Bg5 Bh6 24.Nxd7 Rxd7 25.Bxh6 Qxh6 26.Rc8+ Kg7 27.Qa3 g5 28.g4 Qh4 29.Qf8+ Kg6
30.Qb4 Kg7 31.Kg2 a5 32.Qf8+ Kg6 33.Qh8  1-0

[Event "Rilton Cup"]
[Site "Stockholm"]
[Date "1992.??.??"]
[Round "1"]
[White "Dzevlan, Miralem"]
[Black "Engsner, Joakim"]
[Result "0-1"]
[WhiteElo "2395"]
[BlackElo "2235"]

1.d4 Nf6 2.c4 g6 3.Nc3 d5 4.cxd5 Nxd5 5.e4 Nxc3 6.bxc3 Bg7 7.Be3 c5 8.Qd2 Qa5
9.Rb1 a6 10.Rc1 cxd4 11.cxd4 Qxd2+ 12.Kxd2 O-O 13.Nf3 e6 14.Bc4 Nc6 15.Ke2 Bd7
16.d5 exd5 17.Bxd5 Nb4 18.Bc4 Rfc8 19.Nd2 Bb5 20.Bxb5 axb5 21.Rxc8+ Rxc8
22.a3 Nc2 23.Rc1 Bf8 24.Nb1 Rc4 25.Rd1 Rxe4 26.Rd5 b4 27.axb4 Nxe3 28.fxe3 Rxb4
29.Nc3 Rb2+ 30.Kf3 Kg7 31.Nb5 b6 32.Nc7 Bc5 33.Rd7 Kf6 34.Rd3 h5 35.h4 Ra2
36.Nd5+ Ke5 37.Nf4 Ra3 38.Rd5+ Kf6 39.Nd3 Ke6 40.Rd8 Ra7 41.Nf4+ Ke7 42.Rd3 Rd7
43.Nd5+ Kd8 44.e4 Kc8 45.e5 Kb7 46.Ke4 Kc6 47.Rf3 Rxd5 48.Rf6+ Bd6 49.exd6 Rxd6
50.Rxf7 b5 51.Rf8 Kc5 52.Rc8+ Kb4 53.g4 hxg4 54.Kf4 Ka3 55.Ra8+ Kb3 56.Kxg4 b4  0-1

[Event "POL-ch (Women)"]
[Site "Swieradow"]
[Date "1992.??.??"]
[Round "12"]
[White "Guzkowska, Magdalena"]
[Black "Bednarska, Malgorzata"]
[Result "1-0"]
[WhiteElo "2065"]
[BlackElo "2150"]

1.d4 Nf6 2.c4 g6 3.Nc3 d5 4.cxd5 Nxd5 5.e4 Nxc3 6.bxc3 Bg7 7.Be3 c5 8.Rc1 O-O
9.Qd2 Qa5 10.Nf3 Bg4 11.Ng5 cxd4 12.cxd4 Qxd2+ 13.Kxd2 Nc6 14.h3 Bd7 15.d5 Na5
16.f4 Rfd8 17.Bc5 h6 18.Nf3 b6 19.Bxe7 Re8 20.d6 Rab8 21.Ba6 Bc6 22.e5 Bb7
23.Bb5 Rec8 24.d7 Rd8 25.Bxd8 Rxd8 26.Rc7 a6 27.Ba4 b5 28.Bb3 Kf8 29.Ke3 Ke7
30.Rd1 Bc6 31.Rd6 Bxf3 32.gxf3 Nxb3 33.axb3 a5 34.Ke4 f6 35.Kd5 fxe5 36.Re6+ Kf7
37.Re8 Bf6 38.fxe5 Rxd7+ 39.Rxd7+ Kxe8 40.Rb7 Bd8 41.Rxb5  1-0

[Event "SWZ-ch int"]
[Site "?"]
[Date "1992.??.??"]
[Round "7"]
[White "Kishnev, Sergey"]
[Black "Horvath, Jozsef"]
[Result "0-1"]
[WhiteElo "2530"]
[BlackElo "2505"]

1.d4 Nf6 2.c4 g6 3.Nc3 d5 4.cxd5 Nxd5 5.e4 Nxc3 6.bxc3 Bg7 7.Bb5+ c6 8.Ba4 b5
9.Bb3 b4 10.Ne2 bxc3 11.Be3 Ba6 12.Rc1 Nd7 13.e5 e6 14.Nxc3 c5 15.f4 cxd4
16.Qxd4 O-O 17.Ne4 Bb7 18.Rd1 Qh4+ 19.Bf2 Qg4 20.Bg3 Nxe5 21.Nf2 Nf3+ 22.gxf3 Qxf3
23.Qd3 Qc6 24.Bc4 Rad8 25.Qxd8 Bc3+ 26.Ke2 Qxc4+ 27.Qd3 Qxa2+ 28.Ke3 Ba6
29.Rd2 Bxd2+ 30.Qxd2 Qa3+ 31.Ke4 Bb7+ 32.Ke5 f6+ 33.Kxe6 Re8+  0-1

[Event "SWZ-chI op"]
[Site "?"]
[Date "1992.??.??"]
[Round "3"]
[White "Horvath, Csaba"]
[Black "Van de Berkmortel, Theo"]
[Result "1-0"]
[WhiteElo "2515"]
[BlackElo "2300"]

1.d4 Nf6 2.c4 g6 3.Nc3 d5 4.cxd5 Nxd5 5.e4 Nxc3 6.bxc3 Bg7 7.Bb5+ c6 8.Ba4 b5
9.Bb3 b4 10.Be3 bxc3 11.Ne2 Ba6 12.Rc1 Nd7 13.Nxc3 Qa5 14.Qd2 O-O 15.Na4 Qxd2+
16.Kxd2 Rfd8 17.Rxc6 Bb5 18.Rc7 Bxa4 19.Bxa4 Nb6 20.Bb3 Bxd4 21.Bxd4 Rxd4+
22.Ke3 Rad8 23.Rxe7 g5 24.Re8+ Rxe8 25.Kxd4 Kf8 26.Rc1 Re7 27.Rc5 Rd7+ 28.Kc3 h6
29.a4  1-0

[Event "Tampere"]
[Site "Tampere"]
[Date "1992.??.??"]
[Round "4"]
[White "Solozhenkin, Evgeniy"]
[Black "Rytshagov, Mikhail"]
[Result "1-0"]
[WhiteElo "2450"]
[BlackElo "2420"]

1.d4 Nf6 2.c4 g6 3.Nc3 d5 4.cxd5 Nxd5 5.e4 Nxc3 6.bxc3 Bg7 7.Nf3 O-O 8.Be2 b6
9.O-O Bb7 10.Qc2 Nd7 11.Bg5 h6 12.Be3 e6 13.e5 c5 14.Qd2 Kh7 15.h4 Qe7 16.h5 Rfd8
17.Qc2 Rac8 18.Qb1 cxd4 19.cxd4 Nb8 20.a4 Ba6 21.Bb5 Rd5 22.Qd3 Bb7 23.Qb1 Ba6
24.Ra2 Rc7 25.Rc1 Bxb5 26.axb5 Rxc1+ 27.Bxc1 Qe8 28.Rxa7 Rxb5 29.Qc2 Qc6
30.hxg6+ fxg6 31.Qd2 Nd7 32.Ba3 Rb1+ 33.Kh2 Ra1 34.Qb2 Rf1 35.Bd6 Qe4 36.Qd2 Qc6
37.Qe2 Rc1 38.Rc7 Qxc7 39.Bxc7 Rxc7 40.Qd3 Rc6 41.Nh4 Nf8 42.f4 h5 43.Nf3 Bh6
44.g3 Rc7 45.d5 exd5 46.Qxd5 Re7 47.Qd6 Re6 48.Ng5+ Bxg5 49.Qxf8  1-0

[Event "Tashkent"]
[Site "Tashkent"]
[Date "1992.??.??"]
[Round "?"]
[White "Nenashev, Alexander"]
[Black "Safin, Shukhrat"]
[Result "0-1"]
[WhiteElo "2510"]
[BlackElo "2450"]

1.d4 Nf6 2.c4 g6 3.Nc3 d5 4.cxd5 Nxd5 5.e4 Nxc3 6.bxc3 Bg7 7.Bc4 c5 8.Ne2 Nc6
9.Be3 O-O 10.O-O Na5 11.Bd3 b6 12.Rc1 Qc7 13.Qd2 e6 14.h4 Bb7 15.h5 f5 16.f3 e5
17.hxg6 hxg6 18.Bg5 f4 19.Qe1 Rf7 20.g3 fxg3 21.d5 c4 22.Bb1 Bf6 23.Qxg3 Bxg5
24.Qxg5 Raf8 25.Kg2 Bc8 26.Rf2 Nb7 27.Rh1 Qe7 28.Qh6 Qf6 29.f4 Bg4 30.Ng3 Qg7
31.Qg5 Rxf4 32.Rxf4 Rxf4 33.Rf1 Rxf1 34.Kxf1 Bh5 35.Kf2 Qf7+ 36.Ke1 Qf4 37.Qxf4 exf4
38.Nf1 b5 39.Nd2 Nc5 40.d6 Kf8 41.a4 a6 42.Kf2 g5 43.Bc2 Bg4 44.axb5 axb5
45.Nb1 Bd7 46.Na3 Kf7 47.Bd1 Ke6 48.Nc2 Kxd6 49.Bh5 g4  0-1

[Event "Tel Aviv"]
[Site "Tel Aviv"]
[Date "1992.??.??"]
[Round "4"]
[White "Vaisser, Anatoli"]
[Black "Khenkin, Igor"]
[Result "1/2-1/2"]
[WhiteElo "2580"]
[BlackElo "2530"]

1.d4 Nf6 2.c4 g6 3.Nc3 d5 4.cxd5 Nxd5 5.e4 Nxc3 6.bxc3 Bg7 7.Nf3 c5 8.Rb1 O-O
9.Be2 cxd4 10.cxd4 Qa5+ 11.Bd2 Qxa2 12.O-O Bg4 13.Bg5 h6 14.Be3 b6 15.Ra1 Qb2
16.Rb1 Qa2 17.Ra1 Qb2 18.Qd3 Qb4 19.Rfb1 Qd6 20.e5 Qd7 21.Qd2 Nc6 22.Bxh6 Rad8
23.Be3 Bxf3 24.Bxf3 Nxe5 25.dxe5 Qxd2 26.Bxd2 Rxd2 27.Rxa7 e6 28.Rb5 Rc8
29.Ra1 Rc5 30.Rxb6 Bxe5 31.Rf1 Bd4 32.h4 Rcc2 33.Rb4 Bxf2+ 34.Kh2 Kg7 35.Rb7 e5
36.h5 Rc4 37.g3 e4 38.hxg6 Kxg6 39.Rd1 Ra2 40.Bg2 Ra3 41.g4 Bg3+ 42.Kg1 e3
43.Bd5 Rf4 44.Rb2 Bf2+ 45.Kg2 Rxg4+ 46.Kf3 Rh4 47.Rb7 f6 48.Bf7+ Kg5 49.Rb5+ f5
50.Rd6 Rf4+ 51.Kg2 Re4 52.Rg6+ Kf4 53.Rf6 Re5 54.Rb4+ Re4 55.Rb5 e2 56.Rfxf5+ Ke3
57.Rf3+ Kd2 58.Rb2+ Kd1 59.Rxe2 Rxf3 60.Rxe4 Rxf7 61.Re8 Kd2 62.Re6 Rf5 63.Ra6 Ke2
64.Ra2+ Ke3 65.Ra3+ Ke4 66.Ra4+ Bd4 67.Kg3 Rg5+ 68.Kh4 Rg8 69.Rb4 Ke5 70.Kh3 Be3
71.Rg4 Ra8 72.Rb4 Kf5 73.Kg2 Ra3 74.Rc4 Rb3 75.Ra4 Rc3 76.Rb4 Ke5 77.Rh4 Rd3
78.Rh8 Kf4 79.Rh4+ Kf5 80.Rh8 Kg4 81.Rg8+ Bg5 82.Rf8 Be7 83.Rf7 Bc5 84.Rg7+ Kf4
85.Rf7+ Ke4 86.Rg7 Rd2+ 87.Kh3 Be3 88.Rg2 Rd1 89.Kg4 Bf4 90.Re2+ Be3 91.Rg2 Rh1
92.Kg3 Rh7 93.Kg4 Rh8 94.Kg3 Rf8 95.Kg4 Bf2 96.Kh3 Kf3 97.Rg3+ Ke2 98.Rg6 Kf3  1/2-1/2

[Event "Tilburg"]
[Site "Tilburg"]
[Date "1992.??.??"]
[Round "1"]
[White "Jussupow, Artur"]
[Black "Kamsky, Gata"]
[Result "1-0"]
[WhiteElo "2640"]
[BlackElo "2655"]

1.d4 Nf6 2.c4 g6 3.Nc3 d5 4.cxd5 Nxd5 5.e4 Nxc3 6.bxc3 Bg7 7.Bc4 c5 8.Ne2 Nc6
9.Be3 O-O 10.O-O Qc7 11.Rc1 Rd8 12.Bf4 Qd7 13.d5 Na5 14.Bd3 e5 15.Be3 Qe7
16.Qd2 b6 17.f4 c4 18.Bc2 exf4 19.Bxf4 Nc6 20.Nd4 Nxd4 21.cxd4 Ba6 22.Rf3 Rac8
23.Bh6 Bh8 24.Qf2 Bg7 25.Bxg7 Kxg7 26.Rf1 Rc7 27.Qg3 Bb7 28.Rf6 Rcd7 29.Qf4 b5
30.d6 Qe8 31.h4 b4 32.h5 a5 33.d5 c3 34.Ba4 Ba6 35.Rf2 Bc4 36.Kh2 Kg8 37.h6 Qf8
38.Bxd7 Rxd7 39.e5 Bxd5 40.e6 Bxe6 41.Rxe6 a4 42.Qe3 Rd8 43.d7 b3 44.Re8  1-0

[Event "Voskresensk"]
[Site "Voskresensk"]
[Date "1992.??.??"]
[Round "?"]
[White "Boguslawsky, Maxim"]
[Black "Krasenkow, Michal"]
[Result "1/2-1/2"]
[WhiteElo "2420"]
[BlackElo "2555"]

1.d4 Nf6 2.c4 g6 3.Nc3 d5 4.cxd5 Nxd5 5.e4 Nxc3 6.bxc3 Bg7 7.Be3 c5 8.Qd2 Qa5
9.Nf3 Nc6 10.Rc1 cxd4 11.cxd4 Qxd2+ 12.Kxd2 O-O 13.d5 Rd8 14.Ke1 Na5 15.Bd2 b6
16.Bb4 Bf8 17.Bxa5 bxa5 18.Ne5 e6 19.Bc4 Bd6 20.Nc6 Re8 21.Ke2 a4 22.Rhd1 e5
23.Bd3 f5 24.f3 fxe4 25.Bxe4 a3 26.Rb1 Rf8 27.Rdc1 a5 28.Rb6 Rf7 29.Nb8 Rxb8
30.Rxb8 Bxb8 31.Rxc8+ Rf8 32.Rxf8+  1/2-1/2

[Event "Warsaw op"]
[Site "Warsaw"]
[Date "1992.??.??"]
[Round "7"]
[White "Dragomarezkij, Evgeni"]
[Black "Rudolf, Michal"]
[Result "1-0"]
[WhiteElo "2435"]
[BlackElo "2280"]

1.d4 Nf6 2.c4 g6 3.Nc3 d5 4.cxd5 Nxd5 5.e4 Nxc3 6.bxc3 Bg7 7.Bb5+ c6 8.Ba4 O-O
9.Ne2 c5 10.Be3 cxd4 11.cxd4 Nc6 12.O-O Bg4 13.f3 Bd7 14.Rc1 Rc8 15.d5 Ne5
16.Qb3 Bxa4 17.Qxa4 Qd7 18.Qxd7 Nxd7 19.Bxa7 Ra8 20.Bd4 Rxa2 21.Bxg7 Kxg7
22.Nf4 Rb2 23.Rc7 Rd8 24.Re1 Kf6 25.Nd3 Rd2 26.Nf2 Rb2 27.h4 b5 28.Ra1 Ne5
29.f4 Nc4 30.Ra6+ Kg7 31.Rxe7 Rb1+ 32.Kh2 Rb2 33.Nd3 Rd2 34.Ne5 Nxe5 35.fxe5 Rc8
36.Raa7 Rcc2 37.Rxf7+ Kg8 38.Rg7+ Kf8 39.Raf7+ Ke8 40.e6  1-0

[Event "Hoogovens-B"]
[Site "Wijk aan Zee"]
[Date "1992.??.??"]
[Round "1"]
[White "De Boer, Gert Jan"]
[Black "Van Mil, Johannes A J"]
[Result "1-0"]
[WhiteElo "2425"]
[BlackElo "2445"]

1.d4 Nf6 2.c4 g6 3.Nc3 d5 4.cxd5 Nxd5 5.e4 Nxc3 6.bxc3 Bg7 7.Be3 c5 8.Qd2 cxd4
9.cxd4 Nc6 10.Rd1 O-O 11.Nf3 Bg4 12.Be2 e6 13.O-O Qd6 14.d5 exd5 15.exd5 Ne5
16.Nxe5 Bxe2 17.Qxe2 Bxe5 18.h3 Rfe8 19.Qb5 b6 20.Rc1 Rad8 21.Rfd1 Qf6 22.d6 Re6
23.d7 Rd6 24.Rxd6 Qxd6 25.Bh6 Qe6 26.Rc8 Bf6 27.Qb2 Qe1+ 28.Kh2 Qe7 29.Qd2 Qe5+
30.f4 Qe6 31.Qd4 Qe7 32.Rxd8+ Qxd8 33.Qxf6 Qxf6 34.Bg5  1-0